| 000 | 00695cam a22002051i 4500 | ||
|---|---|---|---|
| 003 | OSt | ||
| 005 | 20160928083850.0 | ||
| 008 | 150329s2014 jo f 000 0 ara c | ||
| 020 | _a9789957524968 | ||
| 040 |
_aMa-un _bara |
||
| 082 | 0 | 4 |
_a371.9 _221 _bق م م |
| 100 | 1 |
_aالقمش، مصطفى نوري _956463 |
|
| 245 | 1 | 0 |
_aموضوعات خاصة في التربية الخاصة / _cمصطفى نوري القمش. |
| 250 | _aطبعة ملونة. | ||
| 300 |
_a372 ص. ؛ _c24 سم. |
||
| 504 | _aيشتمل علي إرجاعات ببليوجرافية. | ||
| 650 | 7 |
_aالطلاب المعوقون _xتعليم _956464 |
|
| 650 | 7 |
_aالتربية الخاصة _956465 |
|
| 942 | _cBOOK | ||
| 999 |
_c39744 _d274244 |
||